[Event "DEM U8 2025"]
[Site "Willingen GER"]
[Date "2025.06.11"]
[Round "2"]
[White "Nilov, Nikita"]
[Black "Zhu, Elias"]
[Result "0-1"]
[Termination "normal"]
[Board "9"]
[WhiteElo "1046"]
[BlackElo "1311"]
[WhiteClock "00:14:23"]
[BlackClock "00:18:57"]
[PlyCount "142"]
[BlackFideId "34695311"]
[EventCountry "GER"]
[EventRounds "7"]
[EventType "swiss"]
[EventDate "2025.06.10"]

1. d4 {[%clk 01:00:29]} {[%emt 00:00:01]} d5 {[%clk 01:00:25]} {[%emt
00:00:06]} 2. c4 {[%clk 01:00:37]} {[%emt 00:00:06]} e6 {[%clk 01:00:35]}
{[%emt 00:00:04]} 3. e3 {[%clk 01:00:38]} {[%emt 00:00:14]} c6 {[%clk
01:00:43]} {[%emt 00:00:07]} 4. Nc3 {[%clk 01:00:36]} {[%emt 00:00:17]} f5
{[%clk 01:00:52]} {[%emt 00:00:08]} 5. cxd5 {[%clk 01:00:05]} {[%emt 00:00:45]}
cxd5 {[%clk 01:00:50]} {[%emt 00:00:17]} 6. Qh5+ {[%clk 00:59:51]} {[%emt
00:00:29]} g6 {[%clk 01:00:56]} {[%emt 00:00:08]} 7. Qd1 {[%clk 00:59:54]}
{[%emt 00:00:12]} Nf6 {[%clk 01:01:01]} {[%emt 00:00:08]} 8. Bb5+ {[%clk
00:59:33]} {[%emt 00:00:38]} Bd7 {[%clk 01:00:56]} {[%emt 00:00:20]} 9. Qa4
{[%clk 00:59:18]} {[%emt 00:00:30]} a6 {[%clk 00:57:31]} {[%emt 00:03:40]} 10.
Bxd7+ {[%clk 00:57:47]} {[%emt 00:01:45]} Nbxd7 {[%clk 00:57:34]} {[%emt
00:00:14]} 11. Bd2 {[%clk 00:56:29]} {[%emt 00:01:31]} Bg7 {[%clk 00:57:10]}
{[%emt 00:00:39]} 12. Nf3 {[%clk 00:55:35]} {[%emt 00:01:09]} O-O {[%clk
00:57:17]} {[%emt 00:00:09]} 13. Ng5 {[%clk 00:55:10]} {[%emt 00:00:40]} Qe7
{[%clk 00:55:46]} {[%emt 00:01:47]} 14. Ne2 {[%clk 00:54:29]} {[%emt 00:00:56]}
Nb6 {[%clk 00:53:20]} {[%emt 00:02:41]} 15. Qb3 {[%clk 00:53:50]} {[%emt
00:00:54]} Nfd7 {[%clk 00:52:23]} {[%emt 00:01:09]} 16. f4 {[%clk 00:53:11]}
{[%emt 00:00:56]} Qf6 {[%clk 00:51:09]} {[%emt 00:01:29]} 17. h4 {[%clk
00:52:29]} {[%emt 00:00:57]} h5 {[%clk 00:51:02]} {[%emt 00:00:20]} 18. Bb4
{[%clk 00:51:28]} {[%emt 00:01:19]} Rfc8 {[%clk 00:48:48]} {[%emt 00:02:28]}
19. Bd6 {[%clk 00:49:42]} {[%emt 00:02:01]} Rc6 {[%clk 00:46:59]} {[%emt
00:01:57]} 20. Be5 {[%clk 00:49:20]} {[%emt 00:00:43]} Nxe5 {[%clk 00:46:56]}
{[%emt 00:00:20]} 21. fxe5 {[%clk 00:48:54]} {[%emt 00:00:40]} Qe7 {[%clk
00:45:42]} {[%emt 00:01:25]} 22. Nf4 {[%clk 00:48:42]} {[%emt 00:00:30]} Qe8
{[%clk 00:44:10]} {[%emt 00:01:47]} 23. O-O {[%clk 00:47:31]} {[%emt 00:01:27]}
Bh6 {[%clk 00:40:14]} {[%emt 00:04:09]} 24. Nfh3 {[%clk 00:47:03]} {[%emt
00:00:45]} Qd7 {[%clk 00:37:39]} {[%emt 00:02:48]} 25. Rac1 {[%clk 00:46:22]}
{[%emt 00:00:52]} Nc4 {[%clk 00:36:33]} {[%emt 00:01:26]} 26. Rf2 {[%clk
00:44:45]} {[%emt 00:01:41]} Rac8 {[%clk 00:34:23]} {[%emt 00:02:38]} 27. Rfc2
{[%clk 00:44:10]} {[%emt 00:00:49]} Qc7 {[%clk 00:33:46]} {[%emt 00:00:48]} 28.
Rxc4 {[%clk 00:42:23]} {[%emt 00:02:07]} dxc4 {[%clk 00:32:47]} {[%emt
00:01:15]} 29. Qc3 {[%clk 00:41:28]} {[%emt 00:01:08]} Bxg5 {[%clk 00:31:10]}
{[%emt 00:01:53]} 30. Nxg5 {[%clk 00:40:37]} {[%emt 00:01:06]} b5 {[%clk
00:30:09]} {[%emt 00:01:16]} 31. e4 {[%clk 00:39:35]} {[%emt 00:01:17]} fxe4
{[%clk 00:28:59]} {[%emt 00:01:23]} 32. Nxe4 {[%clk 00:39:08]} {[%emt
00:00:43]} Rf8 {[%clk 00:28:01]} {[%emt 00:01:01]} 33. Qc2 {[%clk 00:38:33]}
{[%emt 00:01:03]} Kg7 {[%clk 00:24:12]} {[%emt 00:04:04]} 34. Ng5 {[%clk
00:37:46]} {[%emt 00:01:02]} Qb6 {[%clk 00:24:02]} {[%emt 00:00:26]} 35. Nf3
{[%clk 00:36:59]} {[%emt 00:01:00]} Rxf3 {[%clk 00:23:38]} {[%emt 00:00:40]}
36. gxf3 {[%clk 00:36:23]} {[%emt 00:00:50]} Qxd4+ {[%clk 00:23:49]} {[%emt
00:00:05]} 37. Qf2 {[%clk 00:35:23]} {[%emt 00:01:13]} Qxf2+ {[%clk 00:23:22]}
{[%emt 00:00:44]} 38. Kxf2 {[%clk 00:35:04]} {[%emt 00:00:16]} Rc5 {[%clk
00:23:22]} {[%emt 00:00:33]} 39. f4 {[%clk 00:34:17]} {[%emt 00:01:01]} Rd5
{[%clk 00:23:30]} {[%emt 00:00:08]} 40. Ke3 {[%clk 00:33:39]} {[%emt 00:00:53]}
Kf7 {[%clk 00:23:40]} {[%emt 00:00:04]} 41. b3 {[%clk 00:33:29]} {[%emt
00:00:25]} Rd3+ {[%clk 00:22:13]} {[%emt 00:01:40]} 42. Ke4 {[%clk 00:33:07]}
{[%emt 00:00:39]} Rh3 {[%clk 00:21:35]} {[%emt 00:00:55]} 43. bxc4 {[%clk
00:32:39]} {[%emt 00:00:41]} Rxh4 {[%clk 00:21:44]} {[%emt 00:00:06]} 44. c5
{[%clk 00:31:44]} {[%emt 00:01:12]} g5 {[%clk 00:21:12]} {[%emt 00:00:47]} 45.
c6 {[%clk 00:31:00]} {[%emt 00:00:58]} Rxf4+ {[%clk 00:20:37]} {[%emt
00:00:52]} 46. Ke3 {[%clk 00:30:46]} {[%emt 00:00:27]} Kg6 {[%clk 00:20:11]}
{[%emt 00:00:42]} 47. c7 {[%clk 00:30:19]} {[%emt 00:00:42]} Rf8 {[%clk
00:20:21]} {[%emt 00:00:04]} 48. Rc6 {[%clk 00:29:33]} {[%emt 00:01:01]} Rc8
{[%clk 00:20:15]} {[%emt 00:00:22]} 49. Rxe6+ {[%clk 00:28:49]} {[%emt
00:00:58]} Kf7 {[%clk 00:20:21]} {[%emt 00:00:10]} 50. Rc6 {[%clk 00:27:54]}
{[%emt 00:01:10]} Ke7 {[%clk 00:19:23]} {[%emt 00:01:11]} 51. Rxa6 {[%clk
00:26:10]} {[%emt 00:01:59]} Rxc7 {[%clk 00:19:32]} {[%emt 00:00:07]} 52. Ra5
{[%clk 00:25:13]} {[%emt 00:01:13]} Rc5 {[%clk 00:19:36]} {[%emt 00:00:11]} 53.
Ke4 {[%clk 00:24:36]} {[%emt 00:00:51]} h4 {[%clk 00:19:16]} {[%emt 00:00:36]}
54. a4 {[%clk 00:23:42]} {[%emt 00:01:09]} h3 {[%clk 00:18:02]} {[%emt
00:01:23]} 55. Kf3 {[%clk 00:21:56]} {[%emt 00:02:03]} g4+ {[%clk 00:17:26]}
{[%emt 00:00:54]} 56. Kg3 {[%clk 00:21:22]} {[%emt 00:00:50]} Rxe5 {[%clk
00:17:27]} {[%emt 00:00:14]} 57. Rxb5 {[%clk 00:21:14]} {[%emt 00:00:23]} Rxb5
{[%clk 00:17:36]} {[%emt 00:00:06]} 58. axb5 {[%clk 00:20:22]} {[%emt
00:01:07]} Kd6 {[%clk 00:17:47]} {[%emt 00:00:03]} 59. b6 {[%clk 00:20:02]}
{[%emt 00:00:35]} Kc6 {[%clk 00:17:59]} {[%emt 00:00:04]} 60. b7 {[%clk
00:19:37]} {[%emt 00:00:31]} Kxb7 {[%clk 00:18:12]} {[%emt 00:00:11]} 61. Kh2
{[%clk 00:19:36]} {[%emt 00:00:16]} Kc6 {[%clk 00:18:20]} {[%emt 00:00:08]} 62.
Kg3 {[%clk 00:18:02]} {[%emt 00:01:54]} Kd5 {[%clk 00:18:28]} {[%emt 00:00:07]}
63. Kh2 {[%emt 00:00:24]} Ke4 {[%emt 00:00:03]} 64. Kg1 {[%clk 00:17:05]}
{[%emt 00:00:45]} Ke3 {[%clk 00:18:14]} {[%emt 00:00:29]} 65. Kf1 {[%clk
00:16:35]} {[%emt 00:00:44]} Kf3 {[%clk 00:18:16]} {[%emt 00:00:13]} 66. Kg1
{[%clk 00:16:17]} {[%emt 00:00:24]} Kg3 {[%clk 00:18:21]} {[%emt 00:00:17]} 67.
Kh1 {[%clk 00:16:06]} {[%emt 00:00:26]} Kf2 {[%clk 00:18:28]} {[%emt 00:00:09]}
68. Kh2 {[%clk 00:15:18]} {[%emt 00:01:02]} g3 {[%clk 00:18:41]} {[%emt
00:00:05]} 69. Kh1 {[%emt 00:00:20]} g2+ {[%emt 00:00:05]} 70. Kh2 {[%clk
00:14:40]} {[%emt 00:00:27]} g1=Q {[%clk 00:18:49]} {[%emt 00:00:07]} 71. Kxh3
{[%clk 00:14:23]} {[%emt 00:00:33]} Qg3+ {[%clk 00:18:57]} {[%emt 00:00:07]}
0-1

[Event "DEM U8 2025"]
[Site "Willingen GER"]
[Date "2025.06.11"]
[Round "2"]
[White "Dimitrov, Simeon"]
[Black "Dold, Emil"]
[Result "0-1"]
[Termination "normal"]
[Board "10"]
[WhiteElo "992"]
[BlackElo "1245"]
[WhiteClock "00:36:15"]
[BlackClock "00:40:48"]
[PlyCount "112"]
[WhiteFideId "533028214"]
[EventCountry "GER"]
[EventRounds "7"]
[EventType "swiss"]
[EventDate "2025.06.10"]

1. e4 {[%clk 01:00:27]} {[%emt 00:00:03]} c5 {[%clk 01:00:21]} {[%emt
00:00:10]} 2. c4 {[%clk 01:00:31]} {[%emt 00:00:08]} Nc6 {[%clk 01:00:00]}
{[%emt 00:00:39]} 3. Nc3 {[%clk 01:00:18]} {[%emt 00:00:26]} Nf6 {[%clk
00:59:45]} {[%emt 00:00:31]} 4. Nf3 {[%clk 00:59:44]} {[%emt 00:00:49]} d6
{[%clk 00:59:28]} {[%emt 00:00:31]} 5. d3 {[%clk 00:59:29]} {[%emt 00:00:29]}
Bg4 {[%clk 00:59:25]} {[%emt 00:00:19]} 6. Be2 {[%clk 00:59:25]} {[%emt
00:00:17]} e5 {[%clk 00:59:10]} {[%emt 00:00:32]} 7. O-O {[%clk 00:58:21]}
{[%emt 00:01:19]} Be7 {[%clk 00:59:15]} {[%emt 00:00:11]} 8. Nd5 {[%clk
00:58:21]} {[%emt 00:00:12]} Nxd5 {[%clk 00:59:15]} {[%emt 00:00:18]} 9. cxd5
{[%clk 00:58:09]} {[%emt 00:00:22]} Bxf3 {[%clk 00:58:39]} {[%emt 00:00:55]}
10. Bxf3 {[%clk 00:58:13]} {[%emt 00:00:09]} Nd4 {[%clk 00:58:18]} {[%emt
00:00:38]} 11. Bg4 {[%clk 00:57:23]} {[%emt 00:01:01]} O-O {[%clk 00:58:08]}
{[%emt 00:00:31]} 12. Bh3 {[%clk 00:57:20]} {[%emt 00:00:15]} Bh4 {[%clk
00:57:41]} {[%emt 00:00:42]} 13. Qg4 {[%clk 00:56:49]} {[%emt 00:00:40]} Re8
{[%clk 00:57:01]} {[%emt 00:01:03]} 14. g3 {[%clk 00:56:29]} {[%emt 00:00:29]}
Bf6 {[%clk 00:56:53]} {[%emt 00:00:29]} 15. a3 {[%clk 00:54:46]} {[%emt
00:01:57]} a5 {[%clk 00:56:02]} {[%emt 00:01:08]} 16. Be3 {[%clk 00:54:26]}
{[%emt 00:00:34]} Qb6 {[%clk 00:54:54]} {[%emt 00:01:24]} 17. Rab1 {[%clk
00:53:33]} {[%emt 00:01:00]} Qb3 {[%clk 00:54:33]} {[%emt 00:00:44]} 18. Rfd1
{[%clk 00:53:16]} {[%emt 00:00:29]} b5 {[%clk 00:53:49]} {[%emt 00:01:00]} 19.
Qd7 {[%clk 00:52:18]} {[%emt 00:01:09]} Rad8 {[%emt 00:02:01]} 20. Qg4 {[%clk
00:51:58]} {[%emt 00:00:10]} c4 {[%clk 00:52:15]} {[%emt 00:00:34]} 21. dxc4
{[%clk 00:50:54]} {[%emt 00:01:17]} bxc4 {[%clk 00:52:01]} {[%emt 00:00:29]}
22. Bd2 {[%clk 00:49:39]} {[%emt 00:01:24]} Nf3+ {[%clk 00:51:16]} {[%emt
00:01:05]} 23. Kg2 {[%clk 00:48:52]} {[%emt 00:00:56]} Nd4 {[%clk 00:50:39]}
{[%emt 00:00:59]} 24. Bxa5 {[%clk 00:48:37]} {[%emt 00:00:30]} Ra8 {[%clk
00:49:48]} {[%emt 00:01:06]} 25. Qd7 {[%clk 00:47:54]} {[%emt 00:00:45]} Qf3+
{[%clk 00:49:47]} {[%emt 00:00:28]} 26. Kg1 {[%clk 00:46:39]} {[%emt 00:01:24]}
Ne2+ {[%clk 00:49:44]} {[%emt 00:00:25]} 27. Kf1 {[%clk 00:46:22]} {[%emt
00:00:32]} Nd4 {[%clk 00:49:16]} {[%emt 00:00:42]} 28. Bg2 {[%clk 00:45:49]}
{[%emt 00:00:38]} Qe2+ {[%clk 00:48:43]} {[%emt 00:00:59]} 29. Kg1 {[%clk
00:45:32]} {[%emt 00:00:20]} h5 {[%clk 00:48:42]} {[%emt 00:00:28]} 30. Re1
{[%clk 00:45:01]} {[%emt 00:00:45]} Qc2 {[%clk 00:47:57]} {[%emt 00:01:01]} 31.
Bf1 {[%clk 00:44:29]} {[%emt 00:00:40]} Nf3+ {[%clk 00:47:55]} {[%emt
00:00:23]} 32. Kg2 {[%clk 00:44:03]} {[%emt 00:00:41]} Nxe1+ {[%clk 00:47:54]}
{[%emt 00:00:18]} 33. Kg1 {[%clk 00:43:46]} {[%emt 00:00:26]} Qxb1 {[%clk
00:47:52]} {[%emt 00:00:24]} 34. Bxe1 {[%clk 00:43:21]} {[%emt 00:00:37]} Qxe1
{[%clk 00:47:48]} {[%emt 00:00:20]} 35. a4 {[%clk 00:42:53]} {[%emt 00:00:39]}
h4 {[%clk 00:47:54]} {[%emt 00:00:13]} 36. g4 {[%clk 00:42:40]} {[%emt
00:00:27]} h3 {[%clk 00:47:35]} {[%emt 00:00:35]} 37. g5 {[%clk 00:41:22]}
{[%emt 00:01:30]} Bxg5 {[%clk 00:47:24]} {[%emt 00:00:28]} 38. Qxh3 {[%clk
00:41:19]} {[%emt 00:00:18]} Rxa4 {[%clk 00:47:19]} {[%emt 00:00:21]} 39. Qd7
{[%clk 00:40:38]} {[%emt 00:00:53]} Raa8 {[%clk 00:46:19]} {[%emt 00:01:19]}
40. Qxd6 {[%clk 00:40:28]} {[%emt 00:00:23]} Bh4 {[%clk 00:45:50]} {[%emt
00:00:45]} 41. Qc5 {[%clk 00:39:54]} {[%emt 00:00:46]} Ra1 {[%clk 00:45:49]}
{[%emt 00:00:20]} 42. Kg2 {[%clk 00:39:22]} {[%emt 00:00:46]} Qxf1+ {[%clk
00:45:15]} {[%emt 00:00:49]} 43. Kf3 {[%clk 00:39:15]} {[%emt 00:00:21]} Qh1+
{[%clk 00:44:53]} {[%emt 00:00:38]} 44. Ke3 {[%clk 00:39:08]} {[%emt 00:00:22]}
Re1+ {[%clk 00:44:31]} {[%emt 00:00:37]} 45. Kd2 {[%clk 00:38:40]} {[%emt
00:00:42]} Bg5+ {[%clk 00:44:05]} {[%emt 00:00:40]} 46. Kc3 {[%clk 00:38:37]}
{[%emt 00:00:20]} Rc1+ {[%clk 00:43:24]} {[%emt 00:00:56]} 47. Kb4 {[%clk
00:38:31]} {[%emt 00:00:21]} Qe1+ {[%clk 00:43:08]} {[%emt 00:00:32]} 48. Kb5
{[%clk 00:38:18]} {[%emt 00:00:27]} c3 {[%clk 00:42:15]} {[%emt 00:01:08]} 49.
bxc3 {[%clk 00:37:53]} {[%emt 00:00:39]} Rb1+ {[%clk 00:42:13]} {[%emt
00:00:19]} 50. Qb4 {[%clk 00:37:24]} {[%emt 00:00:41]} Rxb4+ {[%clk 00:42:07]}
{[%emt 00:00:23]} 51. cxb4 {[%clk 00:37:13]} {[%emt 00:00:23]} Rb8+ {[%clk
00:42:01]} {[%emt 00:00:24]} 52. Kc5 {[%clk 00:36:50]} {[%emt 00:00:32]} Qc3+
{[%clk 00:41:51]} {[%emt 00:00:31]} 53. Kd6 {[%clk 00:36:47]} {[%emt 00:00:18]}
Rb6+ {[%clk 00:41:45]} {[%emt 00:00:22]} 54. Kd7 {[%clk 00:36:37]} {[%emt
00:00:24]} Qxb4 {[%clk 00:41:14]} {[%emt 00:00:47]} 55. Kc8 {[%clk 00:36:28]}
{[%emt 00:00:22]} Qe7 {[%clk 00:40:48]} {[%emt 00:00:41]} 56. h4 {[%clk
00:36:15]} {[%emt 00:00:29]} Qd8# {[%emt 00:00:13]} 0-1

[Event "DEM U8 2025"]
[Site "Willingen GER"]
[Date "2025.06.11"]
[Round "2"]
[White "Lassak, Max"]
[Black "Weller, Markus"]
[Result "1-0"]
[Termination "normal"]
[Board "11"]
[WhiteElo "1025"]
[BlackElo "1239"]
[WhiteClock "00:40:43"]
[BlackClock "00:50:21"]
[PlyCount "105"]
[BlackFideId "533033838"]
[EventCountry "GER"]
[EventRounds "7"]
[EventType "swiss"]
[EventDate "2025.06.10"]

1. e4 {[%clk 01:00:26]} {[%emt 00:00:03]} c6 {[%clk 01:00:16]} {[%emt
00:00:14]} 2. Nf3 {[%clk 01:00:22]} {[%emt 00:00:20]} d5 {[%clk 01:00:22]}
{[%emt 00:00:09]} 3. exd5 {[%clk 01:00:24]} {[%emt 00:00:12]} cxd5 {[%clk
01:00:28]} {[%emt 00:00:11]} 4. Bb5+ {[%clk 01:00:23]} {[%emt 00:00:15]} Bd7
{[%clk 01:00:16]} {[%emt 00:00:28]} 5. Bxd7+ {[%clk 01:00:22]} {[%emt
00:00:16]} Nxd7 {[%clk 01:00:22]} {[%emt 00:00:08]} 6. d4 {[%clk 01:00:23]}
{[%emt 00:00:15]} e6 {[%clk 01:00:23]} {[%emt 00:00:14]} 7. Nc3 {[%clk
01:00:26]} {[%emt 00:00:11]} Bd6 {[%clk 01:00:25]} {[%emt 00:00:13]} 8. Be3
{[%clk 01:00:12]} {[%emt 00:00:29]} Qc7 {[%clk 01:00:31]} {[%emt 00:00:10]} 9.
Qd3 {[%clk 00:59:39]} {[%emt 00:00:47]} Ngf6 {[%clk 01:00:32]} {[%emt
00:00:14]} 10. O-O-O {[%clk 00:58:57]} {[%emt 00:00:57]} O-O {[%clk 01:00:25]}
{[%emt 00:00:22]} 11. g3 {[%clk 00:58:00]} {[%emt 00:01:12]} Qc6 {[%clk
01:00:21]} {[%emt 00:00:20]} 12. Rhg1 {[%clk 00:56:41]} {[%emt 00:01:33]} Ne4
{[%clk 01:00:14]} {[%emt 00:00:22]} 13. Ne2 {[%clk 00:55:51]} {[%emt 00:01:04]}
Rfc8 {[%clk 00:59:40]} {[%emt 00:00:51]} 14. Nd2 {[%clk 00:54:13]} {[%emt
00:01:52]} Rc7 {[%clk 00:58:45]} {[%emt 00:01:10]} 15. Nxe4 {[%clk 00:53:57]}
{[%emt 00:00:31]} dxe4 {[%clk 00:58:38]} {[%emt 00:00:21]} 16. Qb3 {[%clk
00:52:30]} {[%emt 00:01:41]} Rac8 {[%clk 00:56:56]} {[%emt 00:02:00]} 17. Rd2
{[%clk 00:52:22]} {[%emt 00:00:22]} Qc4 {[%clk 00:56:39]} {[%emt 00:00:32]} 18.
Qxc4 {[%clk 00:52:08]} {[%emt 00:00:29]} Rxc4 {[%clk 00:56:37]} {[%emt
00:00:17]} 19. Bf4 {[%clk 00:51:40]} {[%emt 00:00:39]} Bxf4 {[%clk 00:56:09]}
{[%emt 00:00:47]} 20. Nxf4 {[%clk 00:51:33]} {[%emt 00:00:21]} e5 {[%clk
00:55:47]} {[%emt 00:00:38]} 21. Ne2 {[%clk 00:51:29]} {[%emt 00:00:19]} R8c6
{[%clk 00:55:27]} {[%emt 00:00:35]} 22. dxe5 {[%clk 00:50:57]} {[%emt
00:00:48]} Nf8 {[%clk 00:54:46]} {[%emt 00:00:56]} 23. Rgd1 {[%clk 00:50:30]}
{[%emt 00:00:40]} h6 {[%clk 00:54:33]} {[%emt 00:00:23]} 24. c3 {[%clk
00:49:59]} {[%emt 00:00:53]} Kh7 {[%clk 00:54:12]} {[%emt 00:00:35]} 25. Rd4
{[%clk 00:50:04]} {[%emt 00:00:10]} Ne6 {[%clk 00:53:45]} {[%emt 00:00:42]} 26.
Rd7 {[%clk 00:49:56]} {[%emt 00:00:24]} Rc7 {[%clk 00:53:40]} {[%emt 00:00:19]}
27. Rxc7 {[%clk 00:49:49]} {[%emt 00:00:22]} Rxc7 {[%clk 00:53:46]} {[%emt
00:00:10]} 28. Nd4 {[%clk 00:49:21]} {[%emt 00:00:41]} Rd7 {[%clk 00:53:50]}
{[%emt 00:00:12]} 29. Nxe6 {[%clk 00:49:13]} {[%emt 00:00:23]} Rxd1+ {[%clk
00:54:02]} {[%emt 00:00:03]} 30. Kxd1 {[%clk 00:49:07]} {[%emt 00:00:20]} fxe6
{[%clk 00:54:14]} {[%emt 00:00:04]} 31. Ke2 {[%clk 00:48:46]} {[%emt 00:00:37]}
Kg6 {[%clk 00:54:21]} {[%emt 00:00:07]} 32. Ke3 {[%clk 00:47:57]} {[%emt
00:01:05]} Kf5 {[%clk 00:54:29]} {[%emt 00:00:06]} 33. Kd4 {[%clk 00:47:54]}
{[%emt 00:00:19]} b6 {[%clk 00:54:10]} {[%emt 00:00:34]} 34. b4 {[%clk
00:47:21]} {[%emt 00:00:47]} b5 {[%clk 00:53:34]} {[%emt 00:00:52]} 35. a3
{[%clk 00:43:47]} {[%emt 00:03:48]} a6 {[%clk 00:53:37]} {[%emt 00:00:13]} 36.
h3 {[%clk 00:43:23]} {[%emt 00:00:38]} g5 {[%clk 00:53:06]} {[%emt 00:00:44]}
37. c4 {[%clk 00:42:00]} {[%emt 00:01:41]} bxc4 {[%clk 00:53:08]} {[%emt
00:00:13]} 38. Kxc4 {[%clk 00:42:05]} {[%emt 00:00:09]} h5 {[%clk 00:52:06]}
{[%emt 00:01:17]} 39. a4 {[%clk 00:42:13]} {[%emt 00:00:07]} h4 {[%clk
00:52:12]} {[%emt 00:00:09]} 40. gxh4 {[%clk 00:42:10]} {[%emt 00:00:17]} gxh4
{[%clk 00:52:22]} {[%emt 00:00:05]} 41. b5 {[%clk 00:41:50]} {[%emt 00:00:35]}
Kf4 {[%clk 00:51:22]} {[%emt 00:01:15]} 42. bxa6 {[%clk 00:41:40]} {[%emt
00:00:26]} Kf3 {[%clk 00:51:35]} {[%emt 00:00:02]} 43. a7 {[%clk 00:41:33]}
{[%emt 00:00:21]} Kxf2 {[%clk 00:50:08]} {[%emt 00:01:42]} 44. a8=Q {[%emt
00:00:20]} e3 {[%clk 00:50:13]} {[%emt 00:00:06]} 45. Qf8+ {[%clk 00:41:32]}
{[%emt 00:00:15]} Ke2 {[%clk 00:50:16]} {[%emt 00:00:12]} 46. Qf4 {[%clk
00:40:54]} {[%emt 00:00:50]} Kd2 {[%clk 00:50:10]} {[%emt 00:00:24]} 47. a5
{[%clk 00:40:40]} {[%emt 00:00:29]} Ke2 {[%clk 00:50:15]} {[%emt 00:00:10]} 48.
a6 {[%clk 00:40:40]} {[%emt 00:00:15]} Kd2 {[%clk 00:50:27]} {[%emt 00:00:03]}
49. a7 {[%clk 00:40:46]} {[%emt 00:00:10]} Ke2 {[%clk 00:50:34]} {[%emt
00:00:07]} 50. a8=Q {[%emt 00:00:12]} Ke1 {[%clk 00:50:37]} {[%emt 00:00:10]}
51. Qxe3+ {[%clk 00:40:48]} {[%emt 00:00:18]} Kd1 {[%clk 00:50:21]} {[%emt
00:00:31]} 52. Qa1+ {[%clk 00:40:43]} {[%emt 00:00:20]} Kc2 {[%emt 00:00:10]}
53. Qec1# {[%emt 00:00:59]} 1-0

[Event "DEM U8 2025"]
[Site "Willingen GER"]
[Date "2025.06.11"]
[Round "2"]
[White "Geiß, Janus Michael"]
[Black "Siegel, Vitus"]
[Result "1/2-1/2"]
[Termination "normal"]
[Board "12"]
[WhiteElo "1000"]
[BlackElo "1169"]
[WhiteClock "00:48:15"]
[BlackClock "00:51:23"]
[PlyCount "84"]
[BlackFideId "34694102"]
[EventCountry "GER"]
[EventRounds "7"]
[EventType "swiss"]
[EventDate "2025.06.10"]

1. e4 {[%clk 01:00:29]} {[%emt 00:00:01]} e5 {[%clk 01:00:13]} {[%emt
00:00:17]} 2. Nf3 {[%clk 01:00:37]} {[%emt 00:00:08]} Nc6 {[%clk 01:00:18]}
{[%emt 00:00:09]} 3. Bc4 {[%clk 01:00:48]} {[%emt 00:00:04]} Bc5 {[%clk
01:00:10]} {[%emt 00:00:22]} 4. c3 {[%clk 01:00:59]} {[%emt 00:00:06]} d6
{[%clk 00:59:55]} {[%emt 00:00:28]} 5. d4 {[%clk 01:01:06]} {[%emt 00:00:09]}
exd4 {[%clk 00:59:28]} {[%emt 00:00:41]} 6. cxd4 {[%clk 01:01:12]} {[%emt
00:00:09]} Bb4+ {[%clk 00:59:19]} {[%emt 00:00:24]} 7. Bd2 {[%clk 01:01:08]}
{[%emt 00:00:19]} Bxd2+ {[%clk 00:59:12]} {[%emt 00:00:23]} 8. Nbxd2 {[%clk
01:01:15]} {[%emt 00:00:08]} Bg4 {[%clk 00:59:08]} {[%emt 00:00:18]} 9. O-O
{[%clk 01:01:15]} {[%emt 00:00:08]} Nge7 {[%clk 00:59:12]} {[%emt 00:00:19]}
10. Bxf7+ {[%clk 01:00:47]} {[%emt 00:00:42]} Kd7 {[%clk 00:58:34]} {[%emt
00:00:52]} 11. d5 {[%clk 01:00:34]} {[%emt 00:00:30]} Nd4 {[%clk 00:58:06]}
{[%emt 00:00:38]} 12. Qa4+ {[%emt 00:01:21]} c6 {[%emt 00:00:44]} 13. Nxd4
{[%clk 00:58:13]} {[%emt 00:00:37]} Kc7 {[%clk 00:58:02]} {[%emt 00:00:17]} 14.
Be6 {[%clk 00:58:06]} {[%emt 00:00:23]} Bh5 {[%clk 00:58:03]} {[%emt 00:00:10]}
15. Bh3 {[%clk 00:57:07]} {[%emt 00:01:18]} Bf7 {[%clk 00:57:56]} {[%emt
00:00:21]} 16. N2f3 {[%clk 00:57:03]} {[%emt 00:00:21]} a6 {[%clk 00:57:27]}
{[%emt 00:00:44]} 17. Qc2 {[%clk 00:56:15]} {[%emt 00:01:02]} c5 {[%clk
00:57:31]} {[%emt 00:00:10]} 18. Ng5 {[%clk 00:56:09]} {[%emt 00:00:21]} Qe8
{[%clk 00:57:19]} {[%emt 00:00:27]} 19. Nde6+ {[%clk 00:55:53]} {[%emt
00:00:31]} Bxe6 {[%clk 00:57:03]} {[%emt 00:00:15]} 20. Nxe6+ {[%clk 00:56:06]}
{[%emt 00:00:18]} Kb6 {[%clk 00:57:07]} {[%emt 00:00:12]} 21. Qb3+ {[%clk
00:55:55]} {[%emt 00:00:25]} Ka7 {[%clk 00:57:02]} {[%emt 00:00:15]} 22. Nc7
{[%clk 00:55:47]} {[%emt 00:00:28]} Qg6 {[%clk 00:57:03]} {[%emt 00:00:13]} 23.
Nxa8 {[%clk 00:55:26]} {[%emt 00:00:36]} Kxa8 {[%clk 00:57:00]} {[%emt
00:00:18]} 24. f3 {[%clk 00:54:07]} {[%emt 00:01:36]} Rb8 {[%clk 00:56:45]}
{[%emt 00:00:28]} 25. Rac1 {[%clk 00:54:00]} {[%emt 00:00:22]} Qf6 {[%clk
00:56:23]} {[%emt 00:00:38]} 26. Rc4 {[%clk 00:53:49]} {[%emt 00:00:27]} b5
{[%clk 00:56:16]} {[%emt 00:00:20]} 27. Rc2 {[%clk 00:53:30]} {[%emt 00:00:33]}
Qd4+ {[%clk 00:55:46]} {[%emt 00:00:46]} 28. Rff2 {[%clk 00:53:00]} {[%emt
00:00:46]} Qd1+ {[%clk 00:55:33]} {[%emt 00:00:26]} 29. Rf1 {[%clk 00:52:48]}
{[%emt 00:00:29]} Qd4+ {[%emt 00:00:41]} 30. Rcf2 {[%clk 00:52:46]} c4 {[%emt
00:00:16]} 31. Qd1 {[%clk 00:52:20]} {[%emt 00:00:37]} Qc5 {[%clk 00:54:09]}
{[%emt 00:00:17]} 32. Qc1 {[%clk 00:52:34]} Ng6 {[%clk 00:53:59]} {[%emt
00:01:42]} 33. Bd7 {[%clk 00:52:10]} {[%emt 00:00:39]} Ne5 {[%clk 00:53:45]}
{[%emt 00:00:28]} 34. Bc6+ {[%clk 00:50:47]} {[%emt 00:01:39]} Ka7 {[%clk
00:53:49]} {[%emt 00:00:11]} 35. Qc3 {[%clk 00:50:30]} {[%emt 00:00:30]} Nd3
{[%clk 00:53:41]} {[%emt 00:00:25]} 36. Qxg7+ {[%clk 00:50:02]} {[%emt
00:00:44]} Kb6 {[%clk 00:52:38]} {[%emt 00:01:18]} 37. Qg3 {[%clk 00:49:56]}
{[%emt 00:00:19]} Nxf2 {[%clk 00:51:36]} {[%emt 00:01:18]} 38. Qxf2 {[%emt
00:00:10]} b4 {[%emt 00:00:16]} 39. Qxc5+ {[%emt 00:00:21]} Kxc5 {[%emt
00:00:17]} 40. Ba4 {[%clk 00:48:37]} {[%emt 00:00:30]} c3 {[%clk 00:51:23]}
{[%emt 00:00:28]} 41. bxc3 {[%clk 00:48:38]} {[%emt 00:00:14]} bxc3 {[%clk
00:51:28]} {[%emt 00:00:10]} 42. Re1 {[%clk 00:48:15]} {[%emt 00:00:39]} Kd4
{[%clk 00:51:23]} {[%emt 00:00:19]} 1/2-1/2